00819nam a22002417a 45000010005000000030006000050050017000110080041000280200018000690400029000870500016001160820008001321000026001402450039001662500046002052600040002513000044002915050008003355200168003435210021005115210020005326500025005524818FISKH20241016134054.0241016b cb ||||| |||| 00| 0 eng d a9780439297875 aFISKHbengcFISKHdFISKH aPZ7.L578345 a479 aLevine , Gail Carson aThe Wish / cby Gail Carson Levine aFirst Scholastic printing , September 201 aNew York : bScholastic ; c2000 .  a197 pages : billustrations ;c20 cm .  aJ  aWhen granted her wish to be the most popular girl in school, Wilma, an eighth grader, forgets that she will graduate in three weeks and her popularity will vanish.8 a490 bLexile 8 aJ bRaz-Plus  apopularityvfiction